| 000 | 02068nam0a2200397 4500 | ||
|---|---|---|---|
| 001 | RU\NLR\bibl\1479371 | ||
| 005 | 20260406103027.0 | ||
| 010 |
_a978-5-904050-20-7 _bв пер. _93000 |
||
| 021 |
_aRU _b2009-106837 _96813 |
||
| 035 | _a(nilc)RSL-KNO-004564329 | ||
| 035 | _a(NLR Aleph) 001471030 | ||
| 090 |
_a1643721 _c1643721 |
||
| 100 | _a20100111d2010 |||y0rusy50 ca | ||
| 101 | 0 | _arus | |
| 102 | _aRU | ||
| 105 | _aa ||||||||| | ||
| 200 | 1 |
_aГород Собак _e[сборник рассказов для среднего и старшего школьного возраста] _fАнна Никольская-Эксели _g[худож.: К. Прокофьев] |
|
| 210 |
_aМосква _cАквилегия-М _d2010 [т. е. 2009] |
||
| 215 |
_a253, [2] с. _cил. _d21 |
||
| 225 | 1 | _aТузик, Мурзик и другие... | |
| 300 | _aКн. фактически издана в 2009 г. | ||
| 300 | _aНа 4-й с. обл. авт.: Анна Никольская-Эксели, лауреат II Междунар. конкурса дет. и юнош. лит., им. А. Толстого (2007), Междунар. конкурса "Лит. Вена" (2008) | ||
| 327 | 0 | _aСодерж.: Чудеса дедукции; Письмо в бутылке; Лгунишка Пиф; Принц и Тощий; Родственные уши; Сердце друга; Вас письмо; Счастливчик; Город Собак; Тобик [и др.] | |
| 686 |
_aШ9(2)6=Р72-49 _2rubbk |
||
| 686 | _aШ9(2)62=Р7-4 | ||
| 700 | 1 |
_4070 _8rus _7ca _aНикольская-Эксели _bА. О. _f1979- _gАнна Олеговна _3RU\NLR\AUTH\7787152 _970080 |
|
| 702 | 1 |
_4040 _8rus _7ca _aПрокофьев _bК. В. _cхудожник _f1970- _gКирилл Владимирович _3RU\NLR\AUTH\7787154 _970082 |
|
| 801 | 0 |
_aRU _bRuMoRGB _c20100111 _grcr |
|
| 801 | 1 |
_aRU _bRuMoRGB _c20100111 |
|
| 801 | 2 |
_aRU _bNLR _c20100302 _grcr |
|
| 942 | _cBOOK | ||
| 980 | _aNB | ||